00367nam a2200133Ia 4500008004100000020001000041040001500051041001200066082001800078100002200096245006300118260003400181300001800215230917s9999||||xx |||||||||||||| ||und|| cPOU25 e5042aMAIN aEnglish a574.1928 E83B aEisenberg, Henryk 0aBiological macromolecules and polyelectrolytes in solution aOxfordbClarendon Pressc1976 axviii, 272 p.